Представление документа в формате RUSMARC

ПолеНазваниеЗначение
  Тип записи a
  Библиографический уровень m
001 Контрольный номер RU/REG73/CBS_GRAD/6c079db2eb5f4f34a855198e0740b34b
005 Дата корректировки 20260416120752.2
010 Индекс ISBN __
a ISBN 978-5-7475-0132-4
b Уточнения в пер.
100 Данные общей обработки __
a Данные общей обработки 20260416d2011 u y0rusy0189## ca
101 Язык документа 0_
a Язык текста rus
102 Страна публикации __
a Страна публикации RU
105 Кодированные данные (монография) __
a Кодированные данные (монография) a z 000yy
200 Заглавие и сведения об ответственности 1_
a Заглавие Ассоциация художников революционной России
e Сведения, относящиеся к заглавию альбом
f Первые сведения об ответственности автор текста Д. Перова
203 Вид содержания и тип средства __
a Вид содержания Текст
b Характеристика содержания визуальный
c Тип средства непосредственный
210 Выходные данные 1_
a Место издания Москва
c Издательство Директ-Медиа
c Издательство Комсомольская правда
d Дата издания 2011
215 Физическое описание __
a Объем 48 с.
225 Серия 1_
a Серия Великие художники
v Обозначение тома Т. 97
606 Тематические рубрики 0_
a Основная рубрика Живопись России и СССР
z Хронологическая подрубрика 20-30 годы 20 в.
j Формальный подзаголовок Альбомы
610 Ключевые слова 0_
a Ключевые слова советская живопись; советские художественные объединения; социалистический реализм; художники революции
686 Индексы других классификаций __
a Классификационный индекс 85.143(2)
2 Код системы rubbk
702 Вторичная интеллектуальная ответственность _1
a Фамилия Перова
b Имя (инициалы) Д.
4 Код отношения 220
801 Источник записи _0
a Страна RU
b Организация RuCBSGrad
c Дата составления 20260416
g Правила каталогизации RCR
801 Источник записи _1
a Страна RU
b Организация RuCBSGrad
c Дата составления 20260416
g Правила каталогизации RCR
852 Данные о местонахождении __
a Наименование организации МБУК "ЦБС г.Димитровграда"
i Авторский знак А 90
z Тип записи R
901 Тип документа __
t Тип документа m
909 Создатель записи __
a Создатель записи Гонюкова
b Дата создания записи 20260416